[Event "EU-ch U18"]
[Site "Bratislava"]
[Date "2019.08.07"]
[Round "6"]
[White "Castillo Dalmau, Albert"]
[Black "Rodriguez Izquierdo, Luis"]
[Result "1/2-1/2"]
[WhiteElo "2241"]
[BlackElo "2007"]
[PlyCount "135"]
[EventDate "2019.08.02"]
[EventType "swiss"]
[EventRounds "9"]
[EventCountry "SVK"]
[SourceTitle "CBM 191 Extra"]
[Source "ChessBase"]
[SourceDate "2019.09.30"]
[SourceVersion "1"]
[SourceVersionDate "2019.09.30"]
[SourceQuality "1"]

1. c4 e5 2. g3 Nf6 3. Bg2 d5 4. cxd5 Nxd5 5. Nf3 Nc6 6. 0-0 Be7 7. d4 exd4 8. Nxd4 Nxd4 9. Qxd4 Nf6 10. Qa4+ c6 11. Rd1 Bd7 12. Nc3 0-0 13. e4 Qc8 14. Bf4 Be6 15. Rac1 Qe8 16. h3 Nd7 17. Be3 Bc5 18. Bxc5 Nxc5 19. Qa3 Nd7 20. f4 f6 21. Kh2 Nb6 22. b3 Kh8 23. Ne2 f5 24. e5 Bd5 25. Bxd5 Nxd5 26. Nc3 Qh5 27. Rd2 Nxf4 28. gxf4 Qf3 29. Qb4 Rad8 30. Rcd1 a5 31. Qc4 b5 32. Qe2 Qxf4+ 33. Kh1 Rde8 34. e6 Qh6 35. Qf3 Rxe6 36. Rd8 Ree8 37. Rxe8 Rxe8 38. Qxf5 Qe3 39. Rf1 h6 40. Qf3 Qxf3+ 41. Rxf3 b4 42. Na4 Re2 43. Rf8+ Kh7 44. Ra8 Rxa2 45. Rxa5 Ra3 46. Ra6 Rxb3 47. Rb6 Rxh3+ 48. Kg2 Rh4 49. Rxc6 b3 50. Nc3 Rg4+ 51. Kf2 Rg6 52. Rc5 Rb6 53. Nb1 b2 54. Rc3 g5 55. Kg3 Kg6 56. Rc5 h5 57. Kg2 g4 58. Kh2 h4 59. Kg2 Rb3 60. Kh2 h3 61. Re5 Kf6 62. Rc5 Re3 63. Rc2 Kg5 64. Rxb2 Kh4 65. Rb4 Re2+ 66. Kh1 h2 67. Nc3 Rc2 68. Ne2 1/2-1/2

[Event "EU-ch U18"]
[Site "Bratislava"]
[Date "2019.08.06"]
[Round "5"]
[White "Rodriguez Izquierdo, Luis"]
[Black "Gloser, David"]
[Result "1-0"]
[WhiteElo "2007"]
[BlackElo "2147"]
[PlyCount "61"]
[EventDate "2019.08.02"]
[EventType "swiss"]
[EventRounds "9"]
[EventCountry "SVK"]
[SourceTitle "CBM 191 Extra"]
[Source "ChessBase"]
[SourceDate "2019.09.30"]
[SourceVersion "1"]
[SourceVersionDate "2019.09.30"]
[SourceQuality "1"]

1. e4 c6 2. d4 d5 3. e5 Bf5 4. h4 h5 5. Bd3 Bxd3 6. Qxd3 e6 7. Bg5 Qc7 8. Nf3 Nd7 9. 0-0 Be7 10. Nc3 a6 11. Ne2 c5 12. c4 dxc4 13. Qxc4 Bxg5 14. Nxg5 Ne7 15. Nf4 Qc6 16. Rac1 Qb5 17. Nxf7 Kxf7 18. Qxe6+ Kf8 19. Ng6+ Nxg6 20. Qxg6 Rh6 21. Qf5+ Ke8 22. d5 Qe2 23. e6 Nf6 24. d6 b6 25. f3 Qe3+ 26. Kh1 Qd4 27. Rcd1 Qxh4+ 28. Kg1 Qg3 29. e7 Nd7 30. Qd5 Rb8 31. Qg8+ 1-0

[Event "EU-ch U18"]
[Site "Bratislava"]
[Date "2019.08.05"]
[Round "4"]
[White "Brozyna, Mateusz"]
[Black "Rodriguez Izquierdo, Luis"]
[Result "1-0"]
[WhiteElo "2175"]
[BlackElo "2007"]
[PlyCount "115"]
[EventDate "2019.08.02"]
[EventType "swiss"]
[EventRounds "9"]
[EventCountry "SVK"]
[SourceTitle "CBM 191 Extra"]
[Source "ChessBase"]
[SourceDate "2019.09.30"]
[SourceVersion "1"]
[SourceVersionDate "2019.09.30"]
[SourceQuality "1"]

1. e4 c5 2. Nf3 Nc6 3. Nc3 e5 4. Bc4 Be7 5. d3 d6 6. 0-0 Nf6 7. Ng5 0-0 8. f4 Bg4 9. Qe1 exf4 10. Bxf4 Nd4 11. Qd2 Be6 12. Nxe6 fxe6 13. Rae1 Nd7 14. Ne2 Nxe2+ 15. Qxe2 Rf6 16. Qg4 Nf8 17. Bg3 Rg6 18. Qh5 Qe8 19. c3 Rh6 20. Qf3 b5 21. Bb3 Bh4 22. Bxh4 Rxh4 23. a4 bxa4 24. Bxa4 Qe7 25. g3 Rh6 26. e5 d5 27. c4 Rd8 28. Bc6 dxc4 29. dxc4 Rd2 30. Re2 Rd4 31. Re4 Ng6 32. Rxd4 cxd4 33. Ba4 d3 34. Qa8+ Nf8 35. Bd1 g5 36. b4 Rg6 37. c5 g4 38. Qb8 Rg7 39. Qd6 Qe8 40. Ba4 Qa8 41. c6 Rf7 42. Rxf7 Kxf7 43. Qxd3 Qb8 44. Qc4 Qb6+ 45. Kg2 Ng6 46. c7 Qb7+ 47. Bc6 Qc8 48. Qc5 Qa6 49. Be8+ Kg7 50. c8Q Qa2+ 51. Kf1 Qb1+ 52. Ke2 Qe4+ 53. Kd2 Qg2+ 54. Kc3 Qa2 55. Qd7+ Kh8 56. Bxg6 Qa1+ 57. Kd2 Qb2+ 58. Bc2 1-0

[Event "EU-ch U18"]
[Site "Bratislava"]
[Date "2019.08.04"]
[Round "3"]
[White "Rodriguez Izquierdo, Luis"]
[Black "Crevatin, Leo"]
[Result "0-1"]
[WhiteElo "2007"]
[BlackElo "2247"]
[PlyCount "78"]
[EventDate "2019.08.02"]
[EventType "swiss"]
[EventRounds "9"]
[EventCountry "SVK"]
[SourceTitle "CBM 191 Extra"]
[Source "ChessBase"]
[SourceDate "2019.09.30"]
[SourceVersion "1"]
[SourceVersionDate "2019.09.30"]
[SourceQuality "1"]

1. e4 c6 2. d4 d5 3. e5 c5 4. dxc5 e6 5. a3 Bxc5 6. b4 Bb6 7. Nf3 Ne7 8. Bd3 a5 9. b5 Ng6 10. Bb2 Nd7 11. 0-0 0-0 12. Re1 Nc5 13. g3 Na4 14. Bd4 Bxd4 15. Nxd4 Nb2 16. Qd2 Nxd3 17. Qxd3 f6 18. f4 fxe5 19. fxe5 Qg5 20. Qe3 Qg4 21. Nd2 Bd7 22. Rf1 h5 23. c4 dxc4 24. a4 Rxf1+ 25. Rxf1 Rc8 26. Ne4 h4 27. Nd6 Rc5 28. Nxb7 Rxe5 29. Qf2 Rd5 30. Nc6 Rf5 31. Qe1 Rxf1+ 32. Qxf1 hxg3 33. Nbxa5 Nh4 34. h3 Qg5 35. Qd1 Qe3+ 36. Kh1 Qf2 37. Ne7+ Kf8 38. Ng6+ Nxg6 39. Qg1 Nh4 0-1

[Event "EU-ch U18"]
[Site "Bratislava"]
[Date "2019.08.03"]
[Round "2"]
[White "Schoppen, Casper"]
[Black "Rodriguez Izquierdo, Luis"]
[Result "1-0"]
[WhiteElo "2505"]
[BlackElo "2007"]
[PlyCount "65"]
[EventDate "2019.08.02"]
[EventType "swiss"]
[EventRounds "9"]
[EventCountry "SVK"]
[SourceTitle "CBM 191 Extra"]
[Source "ChessBase"]
[SourceDate "2019.09.30"]
[SourceVersion "1"]
[SourceVersionDate "2019.09.30"]
[SourceQuality "1"]

1. e4 c5 2. Nf3 Nc6 3. d4 cxd4 4. Nxd4 e5 5. Nb5 d6 6. N1c3 a6 7. Na3 Be7 8. Nc4 b5 9. Ne3 Nf6 10. Bd3 0-0 11. 0-0 Rb8 12. a3 Nd4 13. Ncd5 Ne6 14. c3 Nxd5 15. Nxd5 Bg5 16. g3 Bxc1 17. Rxc1 Nc5 18. Bc2 Bh3 19. Re1 f5 20. exf5 Bxf5 21. Bxf5 Rxf5 22. b4 Na4 23. c4 Qf8 24. Qc2 Kh8 25. c5 dxc5 26. bxc5 e4 27. Qxe4 Rxf2 28. c6 Rd2 29. Rf1 Qd6 30. c7 Rc8 31. Qf5 Nb6 32. Nxb6 Qxb6+ 33. Rc5 1-0

[Event "ESP-ch U18"]
[Site "Salobrena"]
[Date "2019.07.24"]
[Round "5"]
[White "Rodriguez Izquierdo, Luis"]
[Black "Lechuga Cabrero, Luis Miguel"]
[Result "0-1"]
[WhiteElo "2007"]
[BlackElo "2117"]
[PlyCount "68"]
[EventDate "2019.07.22"]
[EventType "swiss"]
[EventRounds "9"]
[EventCountry "ESP"]
[SourceTitle "CBM 191 Extra"]
[Source "ChessBase"]
[SourceDate "2019.09.30"]
[SourceVersion "1"]
[SourceVersionDate "2019.09.30"]
[SourceQuality "1"]

1. e4 c5 2. Nf3 Nc6 3. d4 cxd4 4. Nxd4 g6 5. c4 Bg7 6. Be3 Nf6 7. Nc3 d6 8. Be2 0-0 9. Qd2 Bd7 10. 0-0 Nxd4 11. Bxd4 Bc6 12. f3 a5 13. b3 Nd7 14. Be3 Rc8 15. Rac1 b6 16. a3 Nc5 17. b4 Nb3 18. Qd3 Nxc1 19. Rxc1 axb4 20. axb4 Ra8 21. Nd5 Bxd5 22. cxd5 Ra1 23. Rxa1 Bxa1 24. Qa6 Bc3 25. Bxb6 Qc8 26. b5 Bb4 27. Qa7 Qc1+ 28. Bf1 Bc5+ 29. Bxc5 dxc5 30. g3 c4 31. Qxe7 c3 32. d6 c2 33. d7 Qe3+ 34. Kg2 Qd2+ 0-1

[Event "ESP-ch U18"]
[Site "Salobrena"]
[Date "2019.07.23"]
[Round "3"]
[White "Rodriguez Izquierdo, Luis"]
[Black "Sole Pijuan, Ferran"]
[Result "0-1"]
[WhiteElo "2007"]
[BlackElo "2158"]
[PlyCount "60"]
[EventDate "2019.07.22"]
[EventType "swiss"]
[EventRounds "9"]
[EventCountry "ESP"]
[SourceTitle "CBM 191 Extra"]
[Source "ChessBase"]
[SourceDate "2019.09.30"]
[SourceVersion "1"]
[SourceVersionDate "2019.09.30"]
[SourceQuality "1"]

1. e4 e5 2. Nf3 Nc6 3. Bc4 Nf6 4. d3 h6 5. c3 d6 6. a4 g5 7. b4 Bg7 8. 0-0 0-0 9. Re1 Re8 10. Ra2 Ne7 11. Qb3 Rf8 12. d4 Nxe4 13. Nxe5 dxe5 14. Rxe4 Bf5 15. Re1 exd4 16. Rae2 Nc6 17. Nd2 dxc3 18. Nf3 g4 19. Ne5 Nxe5 20. Rxe5 Bxe5 21. Rxe5 c2 22. Re1 Qf6 23. Bb2 Qg6 24. Qc3 Kh7 25. Re5 Rad8 26. Rxf5 c1Q+ 27. Qxc1 Qxf5 28. Bb3 Rfe8 29. g3 Qf3 30. Qc2+ Rd3 0-1

[Event "ESP-ch U18"]
[Site "Salobrena"]
[Date "2019.07.22"]
[Round "2"]
[White "Castillo Dalmau, Albert"]
[Black "Rodriguez Izquierdo, Luis"]
[Result "1/2-1/2"]
[WhiteElo "2252"]
[BlackElo "2007"]
[PlyCount "113"]
[EventDate "2019.07.22"]
[EventType "swiss"]
[EventRounds "9"]
[EventCountry "ESP"]
[SourceTitle "CBM 191 Extra"]
[Source "ChessBase"]
[SourceDate "2019.09.30"]
[SourceVersion "1"]
[SourceVersionDate "2019.09.30"]
[SourceQuality "1"]

1. c4 e5 2. g3 Nf6 3. Bg2 d5 4. cxd5 Nxd5 5. Nc3 Nb6 6. Nf3 Nc6 7. 0-0 Be7 8. d3 0-0 9. Be3 Re8 10. Rc1 Bf8 11. Na4 Nd4 12. Nc5 Bxc5 13. Rxc5 Qd6 14. b4 c6 15. Nxd4 exd4 16. Bf4 Qe7 17. Re5 Be6 18. a3 Nd5 19. Bd2 Qf6 20. Re4 Bf5 21. Rxe8+ Rxe8 22. Re1 Bg4 23. h3 Bh5 24. Qc1 Qd6 25. g4 Bg6 26. Qc5 Qxc5 27. bxc5 f5 28. Bf3 fxg4 29. hxg4 Bf7 30. Rb1 Re7 31. Kf1 Rd7 32. Rc1 Nc7 33. g5 Be6 34. Rb1 Na6 35. Rc1 Kf7 36. Bf4 Bh3+ 37. Kg1 Bf5 38. Kf1 Nc7 39. Bg3 Ne6 40. Bh4 Kg6 41. Ke1 Nxg5 42. Bh1 Ne6 43. Kd2 Kf7 44. Bg3 Kf6 45. Bb8 Rd8 46. Bd6 g5 47. e4 dxe3+ 48. fxe3 Ng7 49. d4 Ne8 50. Be5+ Kg6 51. Rf1 Rd7 52. e4 Bg4 53. Ke3 Rf7 54. Rg1 h5 55. d5 Nf6 56. Kd4 Nd7 57. Bg3 1/2-1/2

[Event "Wch U16"]
[Site "Porto Carras"]
[Date "2018.10.30"]
[Round "11.35"]
[White "Rodriguez Izquierdo, Luis"]
[Black "Kozak, Adam"]
[Result "0-1"]
[WhiteElo "2038"]
[BlackElo "2445"]
[PlyCount "64"]
[EventDate "2018.10.20"]
[EventType "swiss"]
[EventRounds "11"]
[EventCountry "GRE"]
[SourceTitle "CBM 187 Extra"]
[Source "ChessBase"]
[SourceDate "2018.11.04"]
[SourceVersion "1"]
[SourceVersionDate "2018.11.04"]
[SourceQuality "1"]

1. e4 e5 2. Nf3 Nc6 3. Bc4 Bc5 4. 0-0 Nf6 5. d3 d6 6. c3 h6 7. b4 Bb6 8. a4 a5 9. b5 Ne7 10. Re1 0-0 11. h3 Ng6 12. Nbd2 c6 13. d4 Qc7 14. Ba3 Rd8 15. Rc1 d5 16. Bd3 dxe4 17. Nxe4 Nxe4 18. Bxe4 f5 19. Bb1 e4 20. Ba2+ Kh8 21. Nd2 cxb5 22. axb5 Nf4 23. Bc4 Ba7 24. Bf1 Be6 25. g3 Nd5 26. Nc4 Rac8 27. Qa4 Nb6 28. Nxb6 Bxb6 29. Bc5 Bxc5 30. dxc5 Qxc5 31. Qxa5 Rd2 32. Re3 Ra2 0-1

[Event "Wch U16"]
[Site "Porto Carras"]
[Date "2018.10.26"]
[Round "7"]
[White "Rodriguez Izquierdo, Luis"]
[Black "Katopodis, Dimitrios"]
[Result "0-1"]
[WhiteElo "2038"]
[BlackElo "2310"]
[PlyCount "126"]
[EventDate "2018.10.20"]
[EventType "swiss"]
[EventRounds "11"]
[EventCountry "GRE"]
[SourceTitle "CBM 187 Extra"]
[Source "ChessBase"]
[SourceDate "2018.11.04"]
[SourceVersion "1"]
[SourceVersionDate "2018.11.04"]
[SourceQuality "1"]

1. e4 d6 2. d4 Nf6 3. Nc3 Nbd7 4. Nf3 e5 5. Bc4 Be7 6. a4 0-0 7. 0-0 c6 8. h3 Qc7 9. Re1 exd4 10. Nxd4 Ne5 11. Bf1 Re8 12. f4 Ng6 13. Qf3 Bf8 14. Be3 Bd7 15. Bf2 a6 16. g4 h6 17. Nf5 b5 18. Bd4 Nh7 19. b3 d5 20. e5 b4 21. Ne2 c5 22. Bb2 Bc6 23. Bg2 Rad8 24. Rad1 Ba8 25. Qf2 d4 26. Bxa8 Rxa8 27. Bc1 f6 28. exf6 Nxf6 29. Neg3 Nd5 30. Nh5 Nc3 31. Rxe8 Rxe8 32. Re1 Qc6 33. Nxh6+ Kh7 34. Nf7 Kg8 35. Ne5 Nxe5 36. fxe5 Be7 37. Qg2 Qxg2+ 38. Kxg2 Bh4 39. Ng3 Bxg3 40. Kxg3 Kf7 41. h4 Ke6 42. h5 Kd5 43. Bf4 c4 44. bxc4+ Kxc4 45. e6 d3 46. cxd3+ Kxd3 47. Be5 Rxe6 48. Bxc3 Rxe1 49. Bxb4 Rf1 50. Ba3 Ke4 51. Bb2 Rg1+ 52. Kh4 Kf4 53. Kh3 Rg3+ 54. Kh4 Rxg4+ 55. Kh3 Kg5 56. Bxg7 Kxh5 57. Be5 Rxa4 58. Kg3 Kg5 59. Kf3 Kf5 60. Bg7 Ra3+ 61. Ke2 a5 62. Kd2 Rb3 63. Kc2 a4 0-1

[Event "Wch U16"]
[Site "Porto Carras"]
[Date "2018.10.22"]
[Round "4"]
[White "Travadon, Loic"]
[Black "Rodriguez Izquierdo, Luis"]
[Result "1-0"]
[WhiteElo "2293"]
[BlackElo "2038"]
[PlyCount "47"]
[EventDate "2018.10.20"]
[EventType "swiss"]
[EventRounds "11"]
[EventCountry "GRE"]
[SourceTitle "CBM 187 Extra"]
[Source "ChessBase"]
[SourceDate "2018.11.04"]
[SourceVersion "1"]
[SourceVersionDate "2018.11.04"]
[SourceQuality "1"]

1. d4 Nf6 2. Nf3 g6 3. c4 Bg7 4. Nc3 d5 5. Bf4 0-0 6. e3 c5 7. dxc5 Be6 8. Nd4 Nc6 9. Nxe6 fxe6 10. Bd3 Nh5 11. Bg3 d4 12. exd4 Nxg3 13. hxg3 Bxd4 14. f4 Bxc5 15. Qe2 Nd4 16. Qe4 Rf6 17. 0-0-0 Nf5 18. Rh3 Qd4 19. Qxd4 Bxd4 20. Ne4 Rd8 21. Nxf6+ exf6 22. Bxf5 exf5 23. Kc2 h5 24. g4 1-0

[Event "Wch U16"]
[Site "Porto Carras"]
[Date "2018.10.20"]
[Round "1"]
[White "Rodriguez Izquierdo, Luis"]
[Black "Davtyan, Artur"]
[Result "0-1"]
[WhiteElo "2038"]
[BlackElo "2374"]
[PlyCount "46"]
[EventDate "2018.10.20"]
[EventType "swiss"]
[EventRounds "11"]
[EventCountry "GRE"]
[SourceTitle "CBM 187 Extra"]
[Source "ChessBase"]
[SourceDate "2018.11.04"]
[SourceVersion "1"]
[SourceVersionDate "2018.11.04"]
[SourceQuality "1"]

1. e4 e5 2. Nf3 Nc6 3. Bc4 Bc5 4. b4 Bxb4 5. c3 Be7 6. d4 d6 7. Qb3 Kf8 8. Bxf7 Nf6 9. Ng5 exd4 10. Be6 Na5 11. Qa4 b6 12. 0-0 Nxe4 13. Bxc8 Bxg5 14. Bf5 Nc5 15. Qc2 Bf6 16. cxd4 Bxd4 17. Nc3 Qf6 18. Bb2 Qf7 19. Rae1 Bf6 20. Bxh7 Qh5 21. h3 Qxh7 22. Qe2 Qd3 23. Qg4 Rh4 0-1

[Event "EU-ch U16 27th"]
[Site "Mamaia"]
[Date "2017.09.08"]
[Round "4"]
[White "Rodriguez Izquierdo, Luis"]
[Black "Cordeiro, Joao Carlos Santos"]
[Result "1/2-1/2"]
[WhiteElo "2002"]
[BlackElo "1698"]
[PlyCount "54"]
[EventDate "2017.09.05"]
[EventType "swiss"]
[EventRounds "9"]
[EventCountry "ROU"]
[SourceTitle "CBM 180 Extra"]
[Source "ChessBase"]
[SourceDate "2017.10.06"]
[SourceVersion "1"]
[SourceVersionDate "2017.10.06"]
[SourceQuality "1"]

1. e4 e5 2. Nf3 Nc6 3. Bc4 Bc5 4. c3 Nf6 5. d3 d6 6. h3 a6 7. Bb3 Ba7 8. 0-0 h6 9. Re1 Be6 10. Nbd2 0-0 11. Nf1 Qd7 12. Ng3 Rad8 13. Nh4 d5 14. Qf3 dxe4 15. dxe4 Qd3 16. Be3 Bxe3 17. Rxe3 Qd7 18. Nhf5 Bxb3 19. axb3 Qe6 20. Nh5 Nxh5 21. Qxh5 Ne7 22. Rg3 Nxf5 23. exf5 Qf6 24. Ra4 Kh7 25. Rag4 Rg8 26. Rf3 Rd1+ 27. Kh2 Rd2 1/2-1/2

[Event "Barbera del Valles op 40th"]
[Site "Barbera del Valles"]
[Date "2017.07.11"]
[Round "8"]
[White "Alfonso Nogue, Alfonso"]
[Black "Rodriguez Izquierdo, Luis"]
[Result "0-1"]
[WhiteElo "2006"]
[BlackElo "2088"]
[PlyCount "50"]
[EventDate "2017.07.04"]
[EventType "swiss"]
[EventRounds "9"]
[EventCountry "ESP"]
[SourceTitle "EXT 2018"]
[Source "ChessBase"]
[SourceDate "2017.10.13"]
[SourceVersion "1"]
[SourceVersionDate "2017.10.13"]
[SourceQuality "1"]

1. d4 Nf6 2. c4 c5 3. d5 b5 4. a4 bxc4 5. Nc3 d6 6. e4 Ba6 7. Nf3 g6 8. e5 dxe5 9. Nxe5 Bg7 10. Nxc4 0-0 11. Be2 Bxc4 12. Bxc4 Nbd7 13. a5 Rb8 14. 0-0 Rb4 15. Be2 Ne5 16. Be3 Neg4 17. Bc1 Qb8 18. g3 Rd8 19. h3 Ne5 20. Be3 Qc8 21. Kh2 Rxb2 22. f4 Neg4+ 23. hxg4 Nxg4+ 24. Kg1 Nxe3 25. Qe1 Bxc3 0-1

[Event "Barbera del Valles op 40th"]
[Site "Barbera del Valles"]
[Date "2017.07.10"]
[Round "7"]
[White "Meenal, Gupta"]
[Black "Rodriguez Izquierdo, Luis"]
[Result "1/2-1/2"]
[WhiteElo "1915"]
[BlackElo "2088"]
[PlyCount "54"]
[EventDate "2017.07.04"]
[EventType "swiss"]
[EventRounds "9"]
[EventCountry "ESP"]
[SourceTitle "EXT 2018"]
[Source "ChessBase"]
[SourceDate "2017.10.13"]
[SourceVersion "1"]
[SourceVersionDate "2017.10.13"]
[SourceQuality "1"]

1. e4 c5 2. Nf3 Nc6 3. d4 cxd4 4. Nxd4 e5 5. Nb5 d6 6. N1c3 a6 7. Na3 Be7 8. Nc4 b5 9. Ne3 Nf6 10. g3 0-0 11. Bg2 b4 12. Ncd5 Nxd5 13. Nxd5 Bg5 14. Bxg5 Qxg5 15. a3 bxa3 16. Rxa3 Rb8 17. b3 a5 18. 0-0 Qd8 19. f4 Be6 20. f5 Bxd5 21. exd5 Qb6+ 22. Kh1 Qc5 23. Ra4 Nb4 24. Be4 f6 25. Qd2 Rfc8 26. c4 Rb7 27. g4 Kh8 1/2-1/2

[Event "Barbera del Valles op 40th"]
[Site "Barbera del Valles"]
[Date "2017.07.06"]
[Round "3"]
[White "Rodriguez Izquierdo, Luis"]
[Black "Rojas Keim, Luis Alberto"]
[Result "1/2-1/2"]
[WhiteElo "2088"]
[BlackElo "2334"]
[PlyCount "91"]
[EventDate "2017.07.04"]
[EventType "swiss"]
[EventRounds "9"]
[EventCountry "ESP"]
[SourceTitle "EXT 2018"]
[Source "ChessBase"]
[SourceDate "2017.10.13"]
[SourceVersion "1"]
[SourceVersionDate "2017.10.13"]
[SourceQuality "1"]

1. e4 e6 2. d4 d5 3. Nc3 Bb4 4. e5 c5 5. Bd2 Ne7 6. Nb5 Bxd2+ 7. Qxd2 0-0 8. dxc5 Nd7 9. f4 Nxc5 10. Bd3 Qb6 11. 0-0-0 Bd7 12. Nd4 Nc6 13. Ngf3 Rfc8 14. Kb1 Nxd4 15. Nxd4 Na4 16. Nb3 a5 17. Rhf1 Nxb2 18. Kxb2 a4 19. Qf2 Qxf2 20. Rxf2 axb3 21. axb3 f5 22. Rff1 Kf7 23. Ra1 Bc6 24. Rxa8 Rxa8 25. Ra1 Rg8 26. Rf1 h6 27. g3 Ke7 28. Kc3 g5 29. Kd4 g4 30. Ra1 Kd7 31. b4 Kc7 32. b5 Bd7 33. Kc5 b6+ 34. Kd4 Kb7 35. Ke3 h5 36. Kd4 h4 37. Ke3 hxg3 38. hxg3 Rh8 39. Kd4 Rh2 40. Rg1 Kc7 41. Ke3 Kc8 42. Kd4 Rf2 43. Ke3 Rf3+ 44. Kd4 Kc7 45. Rg2 Be8 46. Rg1 1/2-1/2

[Event "ESP-ch U14"]
[Site "Granada"]
[Date "2016.07.15"]
[Round "8"]
[White "Lagunas Gualda, Guillermo"]
[Black "Rodriguez Izquierdo, Luis"]
[Result "1/2-1/2"]
[WhiteElo "1717"]
[BlackElo "2000"]
[PlyCount "83"]
[EventDate "2016.07.11"]
[EventType "swiss"]
[EventRounds "9"]
[EventCountry "ESP"]
[SourceTitle "EXT 2024"]
[Source "ChessBase"]
[SourceDate "2023.10.10"]
[SourceVersion "1"]
[SourceVersionDate "2023.10.10"]
[SourceQuality "1"]

1. c4 Nf6 2. Nc3 g6 3. g3 Bg7 4. Bg2 0-0 5. e4 d6 6. Nge2 c5 7. 0-0 Nc6 8. d3 a6 9. f4 Rb8 10. a4 Ne8 11. Be3 Nc7 12. d4 cxd4 13. Nxd4 Ne6 14. Nde2 Nc5 15. Rb1 Nb4 16. b3 Bg4 17. Nd5 Nxd5 18. cxd5 b5 19. axb5 Rxb5 20. b4 Qb8 21. Qd2 Bxe2 22. Qxe2 a5 23. Rfc1 Rxb4 24. Rxb4 Qxb4 25. Bxc5 dxc5 26. e5 f6 27. d6 fxe5 28. fxe5 exd6 29. exd6 Qd4+ 30. Kh1 Qxd6 31. Qc4+ Kh8 32. Qxc5 Qxc5 33. Rxc5 Rb8 34. Be4 Re8 35. Rxa5 Rxe4 36. Ra8+ Bf8 37. Rxf8+ Kg7 38. Rf2 Re7 39. Kg2 Rf7 40. Rxf7+ Kxf7 41. Kf3 Ke7 42. h4 1/2-1/2

[Event "ESP-ch U14"]
[Site "Granada"]
[Date "2016.07.14"]
[Round "6"]
[White "Lopez Gonzalez, Alfonso"]
[Black "Rodriguez Izquierdo, Luis"]
[Result "1/2-1/2"]
[WhiteElo "1864"]
[BlackElo "2000"]
[PlyCount "72"]
[EventDate "2016.07.11"]
[EventType "swiss"]
[EventRounds "9"]
[EventCountry "ESP"]
[SourceTitle "EXT 2024"]
[Source "ChessBase"]
[SourceDate "2023.10.10"]
[SourceVersion "1"]
[SourceVersionDate "2023.10.10"]
[SourceQuality "1"]

1. d4 Nf6 2. c4 c5 3. d5 b5 4. cxb5 a6 5. bxa6 g6 6. Nc3 Bg7 7. e4 0-0 8. Bd3 Qa5 9. Nge2 Bxa6 10. 0-0 d6 11. Bg5 Nbd7 12. Bxa6 Qxa6 13. Qc2 Rfb8 14. Rab1 Ne5 15. b3 Rb4 16. Rfd1 Rab8 17. f3 Qb6 18. Be3 Ne8 19. Nc1 Nc7 20. a3 Nb5 21. axb4 Nxc3 22. bxc5 dxc5 23. Nd3 Nxd3 24. Qxd3 Nxb1 25. Rxb1 Qb4 26. Rc1 Bd4 27. Bxd4 cxd4 28. Rd1 Qxb3 29. Qxb3 Rxb3 30. Rxd4 Rb2 31. Rc4 Rd2 32. Rc8+ Kg7 33. Re8 Kf6 34. f4 e6 35. dxe6 fxe6 36. g3 Re2 1/2-1/2

[Event "ESP-ch U14"]
[Site "Granada"]
[Date "2016.07.13"]
[Round "4"]
[White "Buitron Ramil, David"]
[Black "Rodriguez Izquierdo, Luis"]
[Result "1/2-1/2"]
[WhiteElo "1835"]
[BlackElo "2000"]
[PlyCount "79"]
[EventDate "2016.07.11"]
[EventType "swiss"]
[EventRounds "9"]
[EventCountry "ESP"]
[SourceTitle "EXT 2024"]
[Source "ChessBase"]
[SourceDate "2023.10.10"]
[SourceVersion "1"]
[SourceVersionDate "2023.10.10"]
[SourceQuality "1"]

1. e4 c5 2. Nf3 Nc6 3. d4 cxd4 4. Nxd4 e5 5. Nb5 d6 6. N1c3 a6 7. Na3 Be7 8. Nd5 Nf6 9. Nxf6+ Bxf6 10. Nc4 0-0 11. Qxd6 Qxd6 12. Nxd6 Nb4 13. Bd3 Rd8 14. Nxc8 Raxc8 15. 0-0 Nxc2 16. Bxc2 Rxc2 17. b3 Be7 18. Be3 Kf8 19. Rfc1 Rxc1+ 20. Rxc1 Ba3 21. Re1 Ke7 22. Kf1 Rd6 23. Ke2 b5 24. Rd1 Rc6 25. f3 f6 26. h3 Rc2+ 27. Rd2 Rc3 28. Rd3 Rc6 29. Rd1 g6 30. Rd3 Bb4 31. Bd2 Bxd2 32. Kxd2 a5 33. Rd5 Rd6 34. Rxd6 Kxd6 35. a3 Kc5 36. Kd3 h5 37. g4 hxg4 38. hxg4 a4 39. bxa4 bxa4 40. Kc3 1/2-1/2

[Event "Barbera del Valles op 39th"]
[Site "Barbera del Valles"]
[Date "2016.07.07"]
[Round "4"]
[White "Rodriguez Izquierdo, Luis"]
[Black "Villar Reymundo, Juan Antonio"]
[Result "1/2-1/2"]
[WhiteElo "2000"]
[BlackElo "2165"]
[PlyCount "34"]
[EventDate "2016.07.04"]
[EventType "swiss"]
[EventRounds "9"]
[EventCountry "ESP"]
[SourceTitle "EXT 2017"]
[Source "ChessBase"]
[SourceDate "2016.10.25"]
[SourceVersion "1"]
[SourceVersionDate "2016.10.25"]
[SourceQuality "1"]

1. e4 c5 2. Nf3 Nc6 3. d4 cxd4 4. Nxd4 Qb6 5. Nb5 a6 6. Be3 Qa5+ 7. N5c3 e6 8. Be2 Nf6 9. 0-0 Qc7 10. f4 d6 11. a4 Be7 12. Nd2 b6 13. Nc4 Rb8 14. e5 dxe5 15. fxe5 Nxe5 16. Bf4 Qc5+ 17. Be3 Qc7 1/2-1/2

[Event "Barbera del Valles op 39th"]
[Site "Barbera del Valles"]
[Date "2016.07.04"]
[Round "1"]
[White "Dardha, Arben"]
[Black "Rodriguez Izquierdo, Luis"]
[Result "1-0"]
[WhiteElo "2330"]
[BlackElo "2000"]
[PlyCount "149"]
[EventDate "2016.07.04"]
[EventType "swiss"]
[EventRounds "9"]
[EventCountry "ESP"]
[SourceTitle "EXT 2017"]
[Source "ChessBase"]
[SourceDate "2016.10.25"]
[SourceVersion "1"]
[SourceVersionDate "2016.10.25"]
[SourceQuality "1"]

1. e4 c5 2. Nf3 Nc6 3. d4 cxd4 4. Nxd4 e5 5. Nb5 d6 6. N1c3 a6 7. Na3 Be7 8. Nc4 b5 9. Ne3 Nf6 10. Ned5 0-0 11. Be3 Rb8 12. Be2 Nxd5 13. Nxd5 Bg5 14. Qd2 Bxe3 15. Nxe3 Qc7 16. 0-0 Be6 17. Rfd1 Rfd8 18. c3 Na5 19. Qc2 Rbc8 20. Nd5 Bxd5 21. Rxd5 Nc4 22. Bxc4 Qxc4 23. Qd3 Qxd3 24. Rxd3 Rc4 25. Rad1 Rxe4 26. Kf1 Ra4 27. Rxd6 Rxd6 28. Rxd6 Kf8 29. a3 Ke7 30. Rb6 Kd7 31. Rb8 Rg4 32. Rb7+ Ke8 33. g3 Rg6 34. Ke2 Rf6 35. Ra7 Kf8 36. b3 e4 37. c4 bxc4 38. bxc4 Rc6 39. Ke3 Rxc4 40. Rxa6 f5 41. a4 Rc3+ 42. Kd2 Ra3 43. a5 Ra2+ 44. Ke3 Ra3+ 45. Ke2 Ra2+ 46. Kf1 Ra1+ 47. Kg2 Ra2 48. Kf1 Ra1+ 49. Ke2 Ra2+ 50. Ke3 Ke7 51. Ra8 Kd6 52. a6 Ra3+ 53. Kf4 Rf3+ 54. Kg5 Kc7 55. Rf8 Kb6 56. Rxf5 Kxa6 57. Rxf3 exf3 58. Kf4 Kb6 59. Kxf3 Kc6 60. Ke4 Kd6 61. Kf5 Ke7 62. h4 Kf7 63. g4 Ke7 64. g5 Kd6 65. h5 Ke7 66. Ke5 Kf7 67. Kf5 Ke7 68. g6 h6 69. Ke5 Kf8 70. Ke6 Kg8 71. Ke7 Kh8 72. f4 Kg8 73. f5 Kh8 74. f6 gxf6 75. Kf7 1-0